000 00566nam a22001937a 4500
005 20171023164545.0
010 _aENG-120898
020 _c110.00
_a9788123738772
035 _aEN-104430
037 _bDBAD/PUB
082 _aN
100 _aVolga
245 _aA qust for freedom /
_cby Volga ; trancleted by Ari Sitaramayya
260 _aNew Delhi
_bNational Book Trust
_c2015
270 _aNrhru Bhawan,5 Institutional Area, Phase-II,Vasant Kunj
_bNew Delhi
_e110070
300 _axxii,164p.
_c22cm
700 _aAri Sitaramayya
942 _2ddc
_cEN
_hN
_mVOL
999 _c146786
_d146786